A superfície do planeta (Registo nº 201945)
[ vista simples ]
| 000 -Etiqueta do registo | |
|---|---|
| Valores | 00603nam 22001933 4500 |
| 100 ## - Dados gerais de processamento | |
| Dados gerais | 20260424d u||y0pory50 ba |
| 200 ## - Titulo e menção de responsabilidade | |
| Título próprio | A superfície do planeta |
| Primeira menção de responsabilidade | Daniel Drode |
| Outras menções de responsabilidade | tradução Mário Henrique Leiria |
| 210 ## - Publicação | |
| Local de publicação | Lisboa |
| Nome do editor | Livros do Brasil |
| Data de publicação | [D.L.1961] |
| 215 ## - Descrição física | |
| Paginação / Volumes | 148 p. |
| Outras indicações físicas | brochado |
| Dimensões | 16 cm |
| 225 ## - Colecção | |
| Título próprio da colecção | Argonauta |
| Indicação de volume | 61 |
| 606 ## - Nome comum usado como assunto | |
| ID Autoridade | 9 |
| Palavra de ordem | Literatura Brasileira |
| 675 ## - CDU | |
| Notação | 821.133.1-3 |
| Edição | PT |
| Língua | por |
| 700 ## - Autor principal (pessoa individual) | |
| ID Autoridade | 17182 |
| Apelido | Drode |
| Nome | Daniel |
| Datas | 1932-1984 |
| 702 ## - Autor secundário (pessoa individual) | |
| ID Autoridade | 9752 |
| Apelido | Leiria |
| Nome | Mário Henrique |
| 801 ## - Fonte de origem | |
| País | PT |
| Agência | BMMN |
| Regras de catalogação | RPC |
| 830 ## - Notas gerais do catalogador | |
| Criado por | Ana Falardo |
| Indexado por | Ana Falardo |
| 990 ## - Elementos KOHA | |
| Tipo de documento | Livro |
| Situação do levantamento | Biblioteca de origem | Código de barras | Cota | Permissão de empréstimo | Tipo de documento | Nota relativa ao exemplar | Forma de aquisição |
|---|---|---|---|---|---|---|---|
| Biblioteca Municipal de Montemor-o-Novo | 31344 | 821.133.1-3 DRO|SAF | Livro | Acesso Condicionado | Oferta |